ბათუმის შოთა რუსთაველის სახელმწიფო უნივერსიტეტის ბიბლიოთეკა

სევდიანი მონოლოგები / (ბიბ.ჩანაწერი № 60943)

000 -ლიდერი
ფიქსირებული სიგრძის საკონტროლო ველი 00957nam a22002057a 4500
003 - საკონტროლო ნომრის იდენტიფიკატორი
საკონტროლო ველი Ge_BSU
005 - ბოლო ოპერაციის თარიღი და დრო
საკონტროლო ველი 20231128095842.0
008 - ფიქსირებული სიგრძის მონაცემთა ელემენტები - ზოგადი ინფორმაცია
ფიქსირებული სიგრძის საკონტროლო ველი 231128s2023 ge ||||| |||| 00| 0 geo d
020 ## - წიგნის საერთაშორისო სტანდარტული ნომერი
International Standard Book Number 9789941500381
041 ## - ენის კოდი
Language code of text/sound track or separate title geo
080 ## - უნივერსალური ათობითი კლასიფიკაციის ინდექსი
Universal Decimal Classification number 821.353.1-94 ნ-68
100 ## - მთავარი ჩანაწერი - პიროვნების სახელი
Personal name ნიჟარაძე, ნინო
9 (RLIN) 888
245 ## - ცნობა სათაურის შესახებ
Title სევდიანი მონოლოგები /
Statement of responsibility, etc ნინო ნიჟარაძე; რედ. დავით თედორაძე გარეკანის დიზაინერი ლუკა ბესელია.
264 ## - წარმოების, გამოცემის, დისტრიბუციის და სხვა ცნობები
გამოცემის, წარმოების, დისტრიბუციის... ადგილი ბათუმი :
გამოცემის, წარმოების, დისტრიბუციის... სახელწოდება აჭარა,
გამოცემის, წარმოების, დისტრიბუციის... თარიღი 2023.
300 ## - ფიზიკური აღწერა
Extent 222 გვ.;
Other physical details 21 სმ.
653 ## - INDEX TERM--UNCONTROLLED
Uncontrolled term მონოლოგები
700 ## - ADDED ENTRY--PERSONAL NAME
Personal name თედორაძე, დავით
Relator term რედაქტორი
9 (RLIN) 2293
700 ## - ADDED ENTRY--PERSONAL NAME
Personal name ბესელია, ლუკა
Relator term გარეკანის დიზაინერი
9 (RLIN) 20488
942 ## - ADDED ENTRY ELEMENTS (KOHA)
Source of classification or shelving scheme
Koha item type წიგნი
ეგზემპლარები
ჩამოწერის სტატუსი დაკარგული ეგზემპლარის სტატუსი კლასიფიკაციის წყარო ან თაროზე გაწყობის სქემა დაზიანების სტატუსი არ გაიცემა მუდმივი მდებარეობა (დაცვის ადგილი) ამჟამინდელი ადგილსამყოფელი თაროზე განთავსების ადგილი შეძენის თარიღი ღირებულება, შესყიდვის ნორმალური ფასი სრული შენახვის შიფრი შტრიხკოდი ბოლო ოპერაციის თარიღი ეგზემპლარის მიმდევრობითი ნომერი (კეტერი?) Uniform Resource Identifier ფასის ძალაში შესვლის თარიღი ეგზემპლარის სახეობა საჯარო შენიშვნა
          ბათუმის შოთა რუსთაველის სახელმწიფო უნივერსიტეტის მთავარი ბიბლიოთეკა ბათუმის შოთა რუსთაველის სახელმწიფო უნივერსიტეტის მთავარი ბიბლიოთეკა წიგნსაცავი 2023-11-28 8.00 821.353.1-94 ნ-68 66937 2023-11-28 66937 ნაჩუქარი 2023-11-28 წიგნი 8 ლ.